000 00459cam a2200169ua 4500
003 OSt
008 240213b |||||||| |||| 00| 0 eng d
041 _aeng
082 _a635
_bPET/CO
100 _aPeter, K V.
_9305
245 0 0 _aCommercial crops technology /
260 _aNew Delhi :
_bNew India Publishing Agency ,
_c2007.
300 _a480 ;
_eCD.
490 0 _aHorticultural Science Series No. 8,
700 1 _aKurien, Alice .
_96017
942 _cBK
999 _c13248
_d13248